| 000 | 00349nam a2200109Ia 4500 | ||
|---|---|---|---|
| 008 | 171211s9999 xx 000 0 und d | ||
| 245 | 4 | _aThe Transformative Mind: Expanding Vygotsky's Approach to Development and Education | |
| 245 | _cAnna Stetsenko | ||
| 260 | _c2016 | ||
| 650 | _xPSYCHOLOGY | ||
| 856 | _uhttp://down.ebook777.com/063/0521865581.pdf | ||
| 999 |
_c349243 _d349243 |
||